Divine grace of sri shirdi sai baba : (Record no. 124444)
[ view plain ]
| 000 -LEADER | |
|---|---|
| fixed length control field | 00822nam a22002417a 4500 |
| 003 - CONTROL NUMBER IDENTIFIER | |
| control field | dpl |
| 005 - DATE AND TIME OF LATEST TRANSACTION | |
| control field | 20180809135702.0 |
| 008 - FIXED-LENGTH DATA ELEMENTS--GENERAL INFORMATION | |
| fixed length control field | 180809b xxu||||| |||| 00| 0 eng d |
| 010 ## - LIBRARY OF CONGRESS CONTROL NUMBER | |
| LC control number | A-935778 |
| 020 ## - INTERNATIONAL STANDARD BOOK NUMBER | |
| Terms of availability | 150.00 |
| 035 ## - SYSTEM CONTROL NUMBER | |
| System control number | A-935778, A-935782 |
| 037 ## - SOURCE OF ACQUISITION | |
| Source of stock number/acquisition | Cen Lib/Ret |
| 040 ## - CATALOGING SOURCE | |
| Original cataloging agency | DPL |
| Language of cataloging | EN |
| Transcribing agency | 0 |
| 082 ## - DEWEY DECIMAL CLASSIFICATION NUMBER | |
| Classification number | 230.35 |
| Item number | DIV |
| 245 ## - TITLE STATEMENT | |
| Title | Divine grace of sri shirdi sai baba : |
| Statement of responsibility, etc | edited by S.p. Ruhela |
| Remainder of title | thrilling experiance of sai devotes in the post-samadhi period (1918-1997) / |
| 260 ## - PUBLICATION, DISTRIBUTION, ETC. (IMPRINT) | |
| Place of publication, distribution, etc | New Delhi |
| Name of publisher, distributor, etc | Diamond Pocket Books |
| Date of publication, distribution, etc | 1997 |
| 270 ## - ADDRESS | |
| City | New Delhi |
| Address | X-30, okhla industrial area, phse-2 |
| Postal code | 110020 |
| 300 ## - PHYSICAL DESCRIPTION | |
| Extent | xiv, 331p. |
| Dimensions | 20cm(Hb) |
| 650 ## - SUBJECT ADDED ENTRY--TOPICAL TERM | |
| Topical term or geographic name as entry element | Hindu religion |
| 9 (RLIN) | 10791 |
| 650 ## - SUBJECT ADDED ENTRY--TOPICAL TERM | |
| Topical term or geographic name as entry element | Grace |
| General subdivision | Shirdi sai baba |
| 9 (RLIN) | 10792 |
| 700 ## - ADDED ENTRY--PERSONAL NAME | |
| Personal name | Ruhela, S.P. |
| 9 (RLIN) | 10781 |
| 942 ## - ADDED ENTRY ELEMENTS (KOHA) | |
| Source of classification or shelving scheme | Dewey Decimal Classification |
| Koha item type | English Books |
| Classification part | 230.35 |
| Call number suffix | DIV |
| Withdrawn status | Lost status | Damaged status | Not for loan | Home library | Current library | Date acquired | Source of acquisition | Cost, normal purchase price | Total Checkouts | Total Renewals | Full call number | Barcode | Date last seen | Date checked out | Copy number | Cost, replacement price | Price effective from | Koha item type | Source of classification or shelving scheme | Collection code |
|---|---|---|---|---|---|---|---|---|---|---|---|---|---|---|---|---|---|---|---|---|
| Central Library | Central Library | 16/06/2015 | Cen Lib/Ret | 150.00 | 30 | 17 | 230.35 DIV | A-935778 | 06/01/2025 | 11/12/2024 | 1 | 150.00 | 16/06/2015 | English Books | ||||||
| Shahdara Branch | Shahdara Branch | 09/08/2018 | BPPD/PUB | 150.00 | 230.35 DIV | A-935782 | 09/08/2018 | 150.00 | 09/08/2018 | English Books | Dewey Decimal Classification | Non-fiction |
